000 00670nam a2200181Ia 4500
008 100921s9999 xx 000 0 und d
082 _b544
_a891.463 थ 70
100 _aपुनर्वसु अनिरूध्द.
245 _aमीच हरिणी मीच व्याध.
260 _bआराधना प्रकाशन,मुंबई.
_c1970
300 _a116
_b---
365 _b7.5
520 _aललित-कादंबरी.
630 _aमीच हरिणी मीच व्याध.
650 _aललित-कादंबरी.
730 _aमीच हरिणी मीच व्याध.
942 _cBOOK
999 _c749657
_d749654